Statistics for The Ultimate Billy Elliot Quiz

Click here to take the quiz!

General Stats

  • This quiz has been taken 182 times
  • The average score is 11 of 15

Answer Stats

QuestionAnswer% Correct
What's the name of Billy's best friend?Michael
95%
What is the name of Billy's father?Jackie
93%
When Billy's dad bans him from ballet, what does he tell Billy to do? (Stay at home and...?)Look after his nana
92%
From what time of the year does the second half of the show start?Christmas
91%
What assessment does the boxing instructor leave Billy with?To give Mrs. Wilkinson the keys
90%
What ballet is the ''Dream Ballet'' based on?Swan Lake
85%
What item of clothing does Billy give to his best friend after he confessed his crush on Billy after the party?A tutu
80%
What is the name of Billy's boxing instructor?George
80%
What's the name of Billy's best friend's solo song?Expressing Yourself
75%
How does the miners' strike end?The union caves
73%
Which song does Billy's dad sing at the party?Deep Into The Ground
65%
How does Billy get the money to go to the London auditions?From a scab
61%
Which three boys played Billy in the first London shows?George Maguire, Liam Mower, James Lomas
58%
What does Mrs. Wilkinson call Billy when she first sees him?Rocky
53%
What is Billy looking for when he's about to leave for boxing?His shoes
44%

Score Distribution

Percentile by Number Answered

Percent of People with Each Score

Your Score History

You have not taken this quiz